| 000 | 01349nam a2200229Ia 4500 | ||
|---|---|---|---|
| 001 | a1674-42399 | ||
| 003 | IT-MiCISF | ||
| 005 | 20250703122518.0 | ||
| 008 | 161014s9999||||xx |||||||||||||| ||und|| | ||
| 040 |
_aIT-MiCISF _cIT-MiCISF |
||
| 041 | _ait | ||
| 100 |
_aBonetti Renzo _956620 |
||
| 245 | 0 |
_aFamiglia, sorgente di comunione. _bNuove catechesi su matrimonio e famiglia |
|
| 260 |
_aCinisello Balsamo (MI), _bSan Paolo, _c2004 |
||
| 300 | _app. 156 | ||
| 500 | _a / pastorale-familiare, catechesi, ministero-coniugale, famiglia / | ||
| 520 | _aIl volume raccoglie le catechesi dell'A. (ex-direttore dell'Ufficio nazionale per la pastorale familiare) trasmesse tra gennaio e maggio del 2004 su Radio Maria. Questi i titoli, che testimoniano l'originalità e la profondità dell'approccio dell'A. al tema della famiglia: "Di per sé la famiglia è dono di comunione"; "Il carisma che è la coppia"; "In famiglia si vive la complementarietà"; "In famiglia si vive la condivisione"; "In famiglia si vive la corresponsabilità"; "In famiglia si vive la compresenza"; "L'Incarnazione di Cristo è per gli sposi la "via unitiva"; "La Pasqua di Cristo è per gli sposi la "via oblativa"; "La Pentecoste è per gli sposi la "via effusiva". | ||
| 650 |
_aPastorale-familiare _e012 |
||
| 654 | _asussidio | ||
| 942 |
_cBK _2ddc |
||
| 999 |
_c217535 _d217535 |
||
| 999 | _bsi | ||